000 00350nam a2200145Ia 4500
008 230917s9999||||xx |||||||||||||| ||und||
040 _e39092
_aMAIN
041 _aEnglish
082 _a822.09 E56I
100 _aEllis-Fermor, Una
245 0 _aIrish dramatic movement
260 _aLondon
_bMethuen
_c1964
300 _axvii, 240 p.
942 _cBK
999 _c110954
_d110954